Statistics for Turkish Verbs

Click here to take the quiz!

General Stats

  • This quiz has been taken 505 times
  • The average score is 14 of 17

Answer Stats

HintAnswer% Correct
ye-mekto eat
98%
git-mekto go
97%
iç-mekto drink/smoke
92%
gel-mekto come
91%
dans et-mekto dance
86%
uyu-makto sleep
86%
yap-makto do
84%
oku-makto read
84%
calış-makto work
82%
otur-makto sit
79%
yaz-makto write
79%
dinle-mekto listen
76%
konuş-makto talk
76%
düşün-mekto think
73%
dur-makto stop
71%
gül-mekto laugh
69%
kal-makto stay
69%

Score Distribution

Percentile by Number Answered

Percent of People with Each Score

Your Score History

You have not taken this quiz